000 00627nam a22001817a 4500
999 _c14259
_d14259
008 160928b xxu||||| |||| 00| 0 eng d
020 _a0205350291
050 _aLC 3981 .H34 2003
100 _aHallahan, Daniel P.
245 _aExceptional Learners:
_bintroduction to special education/
_cDaniel P. Hallahan and James M. Kauffman
250 _a9th ed.
260 _aBoston:
_bAllyn and Bacon,
_c2003
300 _axxxii, 591p. :
_bill. ;
500 _aIncludes references and index
650 _aSpecial education
_zUnited States
700 _aKauffman, James M.
942 _2lcc
_cBOOKS
_hLC 3981 .H34 2003
_02